=LDR 00000nam 2200000 4500 =001 INLIS000000000005441 =005 20130612093705 =008 ***********************************Ind** =035 ##$$a0010-061300000005441 =041 ##$$a Ind =082 ##$$a 301.020 2 =090 ##$$a 301.020 2, Bad i =100 ##$$a Badruddin, Didin. =245 ##$$a Intisari sosiologi SMU, Didin Badruddin =260 ##$$a 1999 $b Bandung =300 ##$$a 304 hlm., 20 cm =650 ##$$a Sosiologi-Ringkasan =850 ##$$a NBPNMAT =990 ##$$a 0001/BPAP-NTB/20142014